Joueurs passés par la Juventus - Mort subite - Statistiques

Statistiques générales
  • Ce quiz a été pris 1 307 fois
  • Le résultat moyen est 12 sur 20
Answers on the Grid
Answers color-coded by a green-red scale on the quiz's grid according to % correct below.
Andrea Pirlo
Paul Pogba
Mario Mandžukić
Cristiano Ronaldo
Michel Platini
Randal Kolo Muani
Roberto Baggio
Manuel Locatelli
Dušan Vlahović
Gianluigi Buffon
Pavel Nedvěd
Zlatan Ibrahimović
Juan Cuadrado
Álvaro Morata
Giorgio Chiellini
Medhi Benatia
Ángel Di María
Benedikt Höwedes
Edwin van der Sar
Aaron Ramsey
Juan Sebastián Verón
Toni Kroos
Javier Zanetti
Gabriel Batistuta
Xherdan Shaqiri
Hidetoshi Nakata
Antonio Di Natale
Michael Essien
Edin Džeko
Tanguy Ndombele
Alessandro Bastoni
Dion Kacuri
Kóstas Manolás
Jorginho
Domenico Berardi
Luís Figo
 
Statistiques - réponses
Réponse % Correct
Gianluigi Buffon
75%
Paul Pogba
75%
Cristiano Ronaldo
72%
Giorgio Chiellini
71%
Álvaro Morata
70%
Andrea Pirlo
70%
Mario Mandžukić
70%
Juan Cuadrado
69%
Randal Kolo Muani
69%
Dušan Vlahović
67%
Michel Platini
66%
Ángel Di María
63%
Pavel Nedvěd
63%
Manuel Locatelli
62%
Medhi Benatia
62%
Zlatan Ibrahimović
61%
Aaron Ramsey
52%
Roberto Baggio
49%
Benedikt Höwedes
23%
Edwin van der Sar
23%
Aucun quiz correspondant
Distribution des résultats
% des personnes avec chaque résultat
Percentile par nombre de réponses
Votre historique - résultats
Vous n’avez pas pris ce quiz